Blueprint reading for the building trades (Record no. 11277)

000 -LEADER
fixed length control field 00312nam a2200121 4500
003 - CONTROL NUMBER IDENTIFIER
control field OSt
005 - DATE AND TIME OF LATEST TRANSACTION
control field 20230216174932.0
008 - FIXED-LENGTH DATA ELEMENTS--GENERAL INFORMATION
fixed length control field 230216b ||||| |||| 00| 0 eng d
100 ## - MAIN ENTRY--PERSONAL NAME
Personal name Joseph E Kenney
245 ## - TITLE STATEMENT
Title Blueprint reading for the building trades
260 ## - PUBLICATION, DISTRIBUTION, ETC. (IMPRINT)
Name of publisher, distributor, etc The maple press company/York.PA
942 ## - ADDED ENTRY ELEMENTS (KOHA)
Source of classification or shelving scheme
Holdings
Withdrawn status Lost status Source of classification or shelving scheme Damaged status Not for loan Permanent location Current location Date acquired Barcode Date last seen Price effective from Koha item type
          BMS College of Architecture, Design and Planning BMS College of Architecture, Design and Planning 2023-02-16 AR-DB495 2023-02-16 2023-02-16 Donated Book
Copyright © 2025, The Librarian, Library and Information Centre, BMSCA D&P, Bengaluru. All Rights Reserved
web counter

Powered by Koha